000 00369nam a22001457a 4500
020 _qPB.
040 _cFIZZA ISHAQ
082 _a005.42
_bLEL
100 _aBECK,L.LELAND.
_991015
245 _aSYSTEM SOFTWARE AN INTRODUCTION SYSTEM PROGRAMMING /
_cLELAND L.BECK.
250 _a3rd ED.
260 _aADDISON WESLEY ;
_c1997.
300 _a519 P. ;
942 _2ddc
_cBK
999 _c589889
_d589889